000 00339 a2200157 4500
001 188737
020 _a0-333-79891-0
040 _cMagnum
100 _aEscott, John
240 1 0 _aThe man in the iron mask
_lING
245 1 0 _aThe man in the iron mask
300 _a63
362 0 _a2000
697 _aLITERATURA INGLESA
942 _cBK
999 _c188737
_d188737